Library Banner

Irfan (Urdu)/ (Record no. 86874)

MARC details
000 -LEADER
fixed length control field 00452nam a2200169Ia 4500
001 - CONTROL NUMBER
control field 73730
008 - FIXED-LENGTH DATA ELEMENTS--GENERAL INFORMATION
fixed length control field 160804s9999||||xx |||||||||||||| ||und||
020 ## - INTERNATIONAL STANDARD BOOK NUMBER
International Standard Book Number NA
040 ## - CATALOGING SOURCE
Transcribing agency PK-LaUMT
082 ## - DEWEY DECIMAL CLASSIFICATION NUMBER
Classification number 297.4
Item number FAQ-I
100 ## - MAIN ENTRY--PERSONAL NAME
Personal name Faqeer Noor Muhammad Sarwari Qadri
245 ## - TITLE STATEMENT
Title Irfan (Urdu)/
Statement of responsibility, etc Faqeer Noor Muhammad Sarwari Qadri
260 ## - PUBLICATION, DISTRIBUTION, ETC. (IMPRINT)
Place of publication, distribution, etc Okara:
Name of publisher, distributor, etc Sahibzada Faqir Haroon Ahmad Sarwari Qadri,
Date of publication, distribution, etc 2013
300 ## - PHYSICAL DESCRIPTION
Extent 388 p.
546 ## - LANGUAGE NOTE
Language note UR
942 ## - ADDED ENTRY ELEMENTS (KOHA)
Koha item type Books
Holdings
Withdrawn status Lost status Source of classification or shelving scheme Damaged status Not for loan Home library Current library Date acquired Total Checkouts Full call number Barcode Date last seen Date checked out Price effective from Koha item type
    Dewey Decimal Classification     UMT Main Campus UMT Main Campus 2016-04-08 3 297.4 FAQ-I 100897 2025-07-02 2025-04-18 2016-08-04 Books
    Dewey Decimal Classification     UMT Main Campus UMT Main Campus 2016-08-05   297.4 FAQ-I 100898 2016-08-05   2016-08-05 Books